| 000 | 00905cam a22002774a 4500 | ||
|---|---|---|---|
| 001 | 11792002 | ||
| 005 | 20201128021031.0 | ||
| 008 | 990920t2000 xxuk grb 001 0 eng | ||
| 010 | _a99048878 | ||
| 020 | _a0875849369 (alk. paper) | ||
| 020 | _a9780875849362 | ||
| 040 |
_aDLC _cDLC _dDLC |
||
| 082 | 0 | 4 |
_a658.314 _222 _bKAT |
| 100 | 1 |
_aKatzenbach, Jon R., _d1932- _935098 |
|
| 245 | 1 | 0 |
_aPeak performance : _baligning the hearts and minds of your employees / _cJon R. Katzenbach. |
| 260 |
_aBoston, United States : _bHarvard Business School Press, _cc.2000. |
||
| 300 |
_axv, 282 p. : _bforms ; _c24 cm. |
||
| 500 | _aIndex : p. 275-282. | ||
| 500 | _aIncludes appendix. | ||
| 504 | _aBibliography : p. 271-273. | ||
| 650 | 0 |
_aEmployee motivation _934407 |
|
| 650 | 0 |
_aPersonnel management _9994 |
|
| 653 |
_bBUSADM _cFebruary2014 |
||
| 655 |
_vreading book _934232 |
||
| 942 |
_2ddc _k658.314 KAT |
||
| 999 |
_c18040 _d18012 |
||